Rhythms of academic life (Record no. 481128)

MARC details
000 -LEADER
fixed length control field 01637cam a2200385 a 4500
001 - CONTROL NUMBER
control field EDZ0000085150
003 - CONTROL NUMBER IDENTIFIER
control field StDuBDS
005 - DATE AND TIME OF LATEST TRANSACTION
control field 20161031105200.0
006 - FIXED-LENGTH DATA ELEMENTS--ADDITIONAL MATERIAL CHARACTERISTICS--GENERAL INFORMATION
fixed length control field m||||||||d||||||||
007 - PHYSICAL DESCRIPTION FIXED FIELD--GENERAL INFORMATION
fixed length control field cr |||||||||||
008 - FIXED-LENGTH DATA ELEMENTS--GENERAL INFORMATION
fixed length control field 120516s1996 cau fo| 000|0|eng|d
020 ## - INTERNATIONAL STANDARD BOOK NUMBER
International Standard Book Number 9781452231570 (ebook) :
Terms of availability No price
040 ## - CATALOGING SOURCE
Original cataloging agency StDuBDS
Language of cataloging eng
Transcribing agency StDuBDS
Description conventions pn
049 ## - LOCAL HOLDINGS (OCLC)
Holding library Alfaisal Main Library
050 #0 - LIBRARY OF CONGRESS CALL NUMBER
Classification number LB1778.2
Item number .R59 1996
082 04 - DEWEY DECIMAL CLASSIFICATION NUMBER
Classification number 378.120973
Edition number 23
245 00 - TITLE STATEMENT
Title Rhythms of academic life
Medium [electronic resource] :
Remainder of title personal accounts of careers in academia /
Statement of responsibility, etc Peter J. Frost, M. Susan Taylor, editors.
260 ## - PUBLICATION, DISTRIBUTION, ETC. (IMPRINT)
Place of publication, distribution, etc Thousand Oaks, Calif. ;
-- London :
Name of publisher, distributor, etc SAGE,
Date of publication, distribution, etc c1996.
300 ## - PHYSICAL DESCRIPTION
Extent 1 online resource (xvi, 518 p.).
490 1# - SERIES STATEMENT
Series statement Foundations for organizational science
520 8# - SUMMARY, ETC.
Summary, etc This invaluable compendium offers guidance, support and advice for those contemplating or involved in academic careers. The contributors provide rich, personal and often humerous accounts of shared and unique experiences in the world of academia.
521 ## - TARGET AUDIENCE NOTE
Target audience note Specialized.
588 ## -
-- Description based on print version record.
504 ## - BIBLIOGRAPHY, ETC. NOTE
Bibliography, etc Includes bibliographical references.
650 #0 - SUBJECT ADDED ENTRY--TOPICAL TERM
Topical term or geographic name as entry element College teachers
Geographic subdivision United States.
650 #0 - SUBJECT ADDED ENTRY--TOPICAL TERM
Topical term or geographic name as entry element College teaching
Geographic subdivision United States.
655 #7 - INDEX TERM--GENRE/FORM
Genre/form data or focus term Electronic books.
Source of term local
700 1# - ADDED ENTRY--PERSONAL NAME
Personal name Frost, Peter J.
700 1# - ADDED ENTRY--PERSONAL NAME
Personal name Taylor, M. Susan.
710 2# - ADDED ENTRY--CORPORATE NAME
Corporate name or jurisdiction name as entry element Sage eBooks
776 08 - ADDITIONAL PHYSICAL FORM ENTRY
Display text Print version :
International Standard Book Number 9780803972636
830 #0 - SERIES ADDED ENTRY--UNIFORM TITLE
Uniform title Foundations for organizational science.
856 40 - ELECTRONIC LOCATION AND ACCESS
Uniform Resource Identifier <a href="http://ezproxy.alfaisal.edu/login?url=http://sk.sagepub.com/books/rhythms-of-academic-life">http://ezproxy.alfaisal.edu/login?url=http://sk.sagepub.com/books/rhythms-of-academic-life</a>
942 ## - ADDED ENTRY ELEMENTS (KOHA)
Source of classification or shelving scheme Library of Congress Classification
Koha item type eBooks

No items available.

Copyright © 2020 Alfaisal University Library. All Rights Reserved.
Tel: +966 11 2158948 Fax: +966 11 2157910 Email:
librarian@alfaisal.edu